| 000 | 00320nam a2200121Ia 4500 | ||
|---|---|---|---|
| 005 | 20260326100045.0 | ||
| 008 | 260326s9999||||xx |||||||||||||| ||und|| | ||
| 100 | _aChueca Goitia, Fernando | ||
| 245 | 0 |
_aLa catedral de Toledo / _cFernando Chueca Goitia |
|
| 260 | _bEverest | ||
| 650 | _aARQUITECTURA REGIONAL | ||
| 942 | _cBK | ||
| 999 |
_c7171 _d7171 |
||